| 000 | 00608cam a22002174a 4500 | ||
|---|---|---|---|
| 005 | 20250605164310.0 | ||
| 008 | 250528s ||||||||||||||||||||||||d | ||
| 035 | _a22431 | ||
| 020 | _a9789605240752 | ||
| 040 |
_aGR-AtMCL _bgre _dGR-AtMCL _eAACR2 |
||
| 245 | 1 | _aΝΕΥΡΟΕΠΙΣΤΗΜΗ ΚΑΙ ΣΥΜΠΕΡΙΦΟΡΑ | |
| 250 | _a1 | ||
| 260 |
_bΠανεπιστημιακές Εκδόσεις Κρήτης, _c2009 |
||
| 300 | _a799 | ||
| 700 | 1 |
_aJessell Thomas M _97052 |
|
| 700 | 1 |
_aKandel Eric R _97053 |
|
| 700 | 1 |
_aSchwartz James H _97054 |
|
| 942 | _cBK | ||
| 999 |
_c7483 _d7483 |
||